[Event "BCF-chT3 0809 (4NCL)"]
[Site "Hinckley Island"]
[Date "2009.03.21"]
[Round "7.2"]
[White "Hardman, Michael"]
[Black "Walker, Tim D"]
[Result "1/2-1/2"]
[WhiteElo "2087"]
[BlackElo "2125"]
[PlyCount "58"]
[EventDate "2008.10.18"]
[EventType "team-swiss"]
[EventRounds "11"]
[EventCountry "ENG"]
[SourceTitle "EXT 2010"]
[Source "ChessBase"]
[SourceDate "2010.11.25"]
[SourceVersion "1"]
[SourceVersionDate "2010.11.25"]
[SourceQuality "1"]
[WhiteTeam "Mindsports"]
[BlackTeam "Nottinghamshire"]
[WhiteTeamCountry "ENG"]
[BlackTeamCountry "ENG"]

1. e4 c5 2. Nf3 Nf6 3. d3 Nc6 4. g3 d5 5. Nbd2 g6 6. Bg2 Bg7 7. 0-0 0-0 8. Re1 h6 9. c3 dxe4 10. dxe4 Be6 11. Qe2 Rc8 12. Nf1 Qb6 13. h4 Ng4 14. Ne3 Rfd8 15. Nxg4 Bxg4 16. Qc2 Na5 17. Bf4 Nc4 18. b3 Na3 19. Qc1 Qa5 20. Ne5 Be6 21. Re2 Nb5 22. Rc2 Kh7 23. a4 Nxc3 24. Rxc3 c4 25. b4 Qxb4 26. Rb1 Qxa4 27. Ra3 Rd1+ 28. Qxd1 Qxa3 29. Rxb7 c3 1/2-1/2

[Event "BCF-chT3 0809 (4NCL)"]
[Site "Hinckley Island"]
[Date "2009.02.07"]
[Round "5.3"]
[White "Hardman, Michael"]
[Black "Terry, Sean"]
[Result "1-0"]
[WhiteElo "2087"]
[BlackElo "1870"]
[PlyCount "121"]
[EventDate "2008.10.18"]
[EventType "team-swiss"]
[EventRounds "11"]
[EventCountry "ENG"]
[SourceTitle "EXT 2010"]
[Source "ChessBase"]
[SourceDate "2010.11.25"]
[SourceVersion "1"]
[SourceVersionDate "2010.11.25"]
[SourceQuality "1"]
[WhiteTeam "Mindsports"]
[BlackTeam "Oxford III"]
[WhiteTeamCountry "ENG"]
[BlackTeamCountry "ENG"]

1. e4 Nf6 2. e5 Nd5 3. c4 Nb6 4. c5 Nd5 5. Nc3 Nxc3 6. dxc3 e6 7. Be3 d5 8. cxd6 cxd6 9. Nf3 Nc6 10. exd6 Bxd6 11. Be2 Qe7 12. 0-0 e5 13. Ng5 Bf5 14. Bc4 Bg6 15. Nh3 0-0 16. Qg4 Kh8 17. f4 f5 18. Qf3 exf4 19. Nxf4 Bxf4 20. Qxf4 Ne5 21. Be2 Nc6 22. Bf3 Rfd8 23. Rae1 Qf7 24. Bxc6 bxc6 25. Bd4 Re8 26. b3 a5 27. Qd6 Qd5 28. Qxd5 cxd5 29. Rxe8+ Rxe8 30. Kf2 Re4 31. Re1 Be8 32. Rxe4 fxe4 33. Ke3 Kg8 34. Kf4 Kf7 35. Ke5 Bc6 36. a4 Ke7 37. Bb6 Kd7 38. Kd4 Ke6 39. Bxa5 Kf5 40. Bc7 h5 41. Ke3 g5 42. Bd8 h4 43. Be7 Bd7 44. Bd8 Be8 45. Bb6 Ke5 46. Bc5 Bd7 47. Ba3 Ke6 48. Bc1 Ke5 49. Bd2 g4 50. g3 hxg3 51. hxg3 Bc6 52. Bc1 Bd7 53. Ba3 Be8 54. Bf8 Bd7 55. Bg7+ Kf5 56. Kd4 Kg6 57. Be5 Kf5 58. Bf4 Bc6 59. Kc5 Ba8 60. a5 Ke6 61. a6 1-0

[Event "BCF-chT3 0809 (4NCL)"]
[Site "Hinckley Island"]
[Date "2008.12.07"]
[Round "4.3"]
[White "Hardman, Michael"]
[Black "Graham, Neil"]
[Result "1/2-1/2"]
[WhiteElo "2088"]
[BlackElo "1925"]
[PlyCount "41"]
[EventDate "2008.10.18"]
[EventType "team-swiss"]
[EventRounds "11"]
[EventCountry "ENG"]
[SourceTitle "EXT 2010"]
[Source "ChessBase"]
[SourceDate "2010.11.25"]
[SourceVersion "1"]
[SourceVersionDate "2010.11.25"]
[SourceQuality "1"]
[WhiteTeam "Mindsports"]
[BlackTeam "Nottinghamshire II"]
[WhiteTeamCountry "ENG"]
[BlackTeamCountry "ENG"]

1. d4 Nf6 2. Nf3 c5 3. g3 cxd4 4. Nxd4 Nc6 5. Bg2 Qb6 6. Nxc6 dxc6 7. 0-0 Bf5 8. c4 Rd8 9. Qb3 Qxb3 10. axb3 e6 11. Be3 a6 12. Rc1 Be7 13. f3 0-0 14. Bb6 Rc8 15. e4 Bg6 16. Rd1 Bd8 17. Be3 Bc7 18. Nc3 Rfd8 19. Kf2 Rxd1 20. Rxd1 Rd8 21. Rxd8+ 1/2-1/2

[Event "BCF-chT3 0708 (4NCL)"]
[Site "Sunningdale"]
[Date "2007.09.15"]
[Round "1"]
[White "Hardman, Michael"]
[Black "Harborne, Matthew J"]
[Result "0-1"]
[WhiteElo "2117"]
[BlackElo "2136"]
[PlyCount "74"]
[EventDate "2007.09.15"]
[EventType "team-tourn"]
[EventRounds "11"]
[EventCountry "ENG"]
[SourceTitle "CBM 120 Extra"]
[Source "ChessBase"]
[SourceDate "2007.11.01"]
[SourceVersion "1"]
[SourceVersionDate "2007.11.01"]
[SourceQuality "1"]
[WhiteTeam "Mindsports"]
[BlackTeam "Slough Sharks II"]
[WhiteTeamCountry "ENG"]
[BlackTeamCountry "ENG"]

1. e4 c6 2. d4 d5 3. Nd2 dxe4 4. Nxe4 Bf5 5. Ng3 Bg6 6. N1e2 e6 7. Nf4 Ne7 8. Nxg6 hxg6 9. c3 Nd7 10. Bg5 Nf6 11. Bd3 Qa5 12. Bd2 Nf5 13. Nxf5 gxf5 14. Qb3 Qc7 15. 0-0-0 Ng4 16. Rdf1 Rxh2 17. Rxh2 Nxh2 18. Re1 0-0-0 19. f3 Qg3 20. Re2 Nf1 21. Be1 Qg5+ 22. Kb1 Bd6 23. a3 f4 24. Bd2 Rh8 25. g4 Rh3 26. Be4 Ng3 27. Re1 Nxe4 28. fxe4 Qxg4 29. Qa4 f3 30. Be3 Bg3 31. Qxa7 Qxe4+ 32. Ka1 Bxe1 33. Qa8+ Kc7 34. Qa5+ Kd7 35. Qb4 Bg3 36. Qf8 Bd6 37. Qxf7+ Be7 0-1

[Event "BCF-chT3 0607 (4NCL)"]
[Site "Sunningdale"]
[Date "2007.05.05"]
[Round "9.3"]
[White "Kwiatkowski, Feliks Jerzy"]
[Black "Hardman, Michael"]
[Result "1-0"]
[WhiteElo "2246"]
[BlackElo "2131"]
[PlyCount "87"]
[EventDate "2006.09.16"]
[EventType "team"]
[EventRounds "11"]
[EventCountry "ENG"]
[SourceTitle "EXT 2008"]
[Source "ChessBase"]
[SourceDate "2007.11.25"]
[SourceVersion "1"]
[SourceVersionDate "2007.11.25"]
[SourceQuality "1"]
[WhiteTeam "Kings Head"]
[BlackTeam "Mindsports"]
[WhiteTeamCountry "ENG"]
[BlackTeamCountry "ENG"]

1. e4 c5 2. Nf3 d6 3. d4 cxd4 4. Nxd4 Nf6 5. Nc3 g6 6. g3 Bg7 7. Bg2 0-0 8. 0-0 Nbd7 9. Re1 a6 10. h3 Qc7 11. a4 Rb8 12. Be3 Ne5 13. Qc1 e6 14. Bg5 Nc4 15. b3 Ne5 16. Qd2 Nc6 17. Be3 e5 18. Nxc6 Qxc6 19. Nd5 Nxd5 20. exd5 Qe8 21. Bb6 Qd7 22. a5 f5 23. Ra4 Bf6 24. Rc4 Bd8 25. Qc3 Bxb6 26. axb6 Qb5 27. Rb4 Qd7 28. f4 e4 29. Rc4 Qg7 30. Qxg7+ Kxg7 31. Rc7+ Rf7 32. c4 Bd7 33. Kf2 Kf6 34. b4 Rc8 35. Rxc8 Bxc8 36. c5 dxc5 37. bxc5 Rd7 38. Rd1 Rd8 39. Bf1 Ke7 40. Ke3 Ke8 41. Be2 Kd7 42. Kd4 Re8 43. Rb1 e3 44. Bd3 1-0

[Event "BCF-chT3 0607 (4NCL)"]
[Site "Sunningdale"]
[Date "2007.03.04"]
[Round "8.2"]
[White "Winkelmann, Elena"]
[Black "Hardman, Michael"]
[Result "1/2-1/2"]
[WhiteElo "2075"]
[BlackElo "2133"]
[PlyCount "83"]
[EventDate "2006.09.16"]
[EventType "team"]
[EventRounds "11"]
[EventCountry "ENG"]
[SourceTitle "EXT 2008"]
[Source "ChessBase"]
[SourceDate "2007.11.25"]
[SourceVersion "1"]
[SourceVersionDate "2007.11.25"]
[SourceQuality "1"]
[WhiteTeam "Pride and Prejudice "]
[BlackTeam "Mindsports"]
[WhiteTeamCountry "ENG"]
[BlackTeamCountry "ENG"]

1. c4 Nf6 2. d4 c5 3. d5 e5 4. Nc3 d6 5. e4 a6 6. a4 Be7 7. Be2 Nbd7 8. a5 0-0 9. Be3 Ne8 10. Bg4 Bg5 11. Bxd7 Bxd7 12. Qd2 Bxe3 13. Qxe3 f5 14. Nge2 f4 15. Qd3 Qg5 16. g3 fxg3 17. hxg3 Nc7 18. f4 Qf6 19. f5 Qg5 20. Qf3 Be8 21. g4 Rf6 22. Kf2 Rb8 23. Qe3 Qxe3+ 24. Kxe3 h6 25. Kd3 b5 26. axb6 Rxb6 27. Kc2 Rf8 28. Nc1 Kf7 29. Nd3 Kf6 30. Rad1 a5 31. Nxc5 dxc5 32. d6 Bf7 33. dxc7 Rc8 34. Nb5 Ke7 35. Kc3 Be8 36. Rd5 Bxb5 37. cxb5 Rxb5 38. Rxe5+ Kf7 39. Rd5 Rxc7 40. e5 Rb4 41. Rg1 Rf4 42. Rd6 1/2-1/2

[Event "BCF-chT3 0607 (4NCL)"]
[Site "Sunningdale"]
[Date "2007.03.03"]
[Round "7.2"]
[White "Hardman, Michael"]
[Black "Wallace, Paul Anthony"]
[Result "1/2-1/2"]
[WhiteElo "2133"]
[BlackElo "2274"]
[PlyCount "69"]
[EventDate "2006.09.16"]
[EventType "team"]
[EventRounds "11"]
[EventCountry "ENG"]
[SourceTitle "EXT 2008"]
[Source "ChessBase"]
[SourceDate "2007.11.25"]
[SourceVersion "1"]
[SourceVersionDate "2007.11.25"]
[SourceQuality "1"]
[WhiteTeam "Mindsports"]
[BlackTeam "Cheddleton"]
[WhiteTeamCountry "ENG"]
[BlackTeamCountry "ENG"]

1. e4 e5 2. Bc4 Nf6 3. d3 Nc6 4. Nc3 Na5 5. Nf3 Nxc4 6. dxc4 Bb4 7. Qd3 d6 8. Bd2 Bxc3 9. Bxc3 0-0 10. 0-0-0 Qe8 11. Nh4 Qc6 12. f3 Be6 13. b3 a6 14. g4 b5 15. Nf5 Bxf5 16. gxf5 bxc4 17. Qxc4 Qxc4 18. bxc4 Nd7 19. Rhg1 f6 20. Ba5 Ra7 21. Bd2 Rb7 22. Be3 Rfb8 23. Kd2 Nb6 24. Bxb6 Rxb6 25. c5 dxc5 26. Kc3 Rd6 27. Rb1 Rbb6 28. Rgd1 Rd4 29. Rg1 Kf7 30. Rb3 Rbb4 31. Ra3 Rdc4+ 32. Kd3 Rd4+ 33. Kc3 Rbc4+ 34. Kb3 Rb4+ 35. Kc3 1/2-1/2

[Event "EU Union-ch"]
[Site "Liverpool"]
[Date "2006.09.12"]
[Round "7"]
[White "Hulligan, Steve"]
[Black "Hardman, Michael"]
[Result "1/2-1/2"]
[WhiteElo "1821"]
[BlackElo "2151"]
[PlyCount "90"]
[EventDate "2006.09.06"]
[EventType "swiss"]
[EventRounds "10"]
[EventCountry "ENG"]
[SourceTitle "CBM 114 Extra"]
[Source "ChessBase"]
[SourceDate "2006.11.03"]
[SourceVersion "1"]
[SourceVersionDate "2006.11.03"]
[SourceQuality "1"]

1. e4 c5 2. Nf3 e6 3. Nc3 a6 4. d3 Nc6 5. g3 d6 6. Bg2 Nf6 7. 0-0 Be7 8. Nh4 0-0 9. f4 Qc7 10. Be3 Rb8 11. f5 b5 12. fxe6 fxe6 13. Qd2 Bd7 14. Bg5 Rbe8 15. Rae1 Bc8 16. Re2 Ng4 17. Rxf8+ Rxf8 18. Nf3 Nge5 19. Nxe5 Nxe5 20. Bxe7 Qxe7 21. Rf2 Nc6 22. Nd1 Rf6 23. Rxf6 gxf6 24. c3 Kg7 25. Ne3 Ne5 26. d4 Nc4 27. Nxc4 bxc4 28. dxc5 dxc5 29. Qe2 Qb7 30. e5 Qb5 31. exf6+ Kxf6 32. Qf3+ Ke7 33. Qc6 Bd7 34. Qxb5 axb5 35. Be4 h6 36. Kf2 Kf6 37. Kf3 e5 38. Bb7 Kf5 39. Ke3 Be8 40. Bc8+ Kf6 41. Ba6 Bc6 42. a4 bxa4 43. Bxc4 Kf5 44. Bd3+ e4 45. Bc2 h5 1/2-1/2

[Event "BCF-chT3 0506 (4NCL)"]
[Site "Birmingham"]
[Date "2006.03.05"]
[Round "8.5"]
[White "Hardman, Michael"]
[Black "Rudolf, Anna"]
[Result "1-0"]
[WhiteElo "2138"]
[BlackElo "2202"]
[PlyCount "109"]
[EventDate "2005.10.22"]
[EventType "team"]
[EventRounds "11"]
[EventCountry "ENG"]
[SourceTitle "EXT 2007"]
[Source "ChessBase"]
[SourceDate "2006.11.23"]
[SourceVersion "1"]
[SourceVersionDate "2006.11.23"]
[SourceQuality "1"]
[WhiteTeam "Mindsports"]
[BlackTeam "Slough Sharks II"]
[WhiteTeamCountry "ENG"]
[BlackTeamCountry "ENG"]

1. d4 e6 2. Nf3 b6 3. g3 Bb7 4. Bg2 c5 5. c3 Nf6 6. 0-0 Be7 7. Nbd2 0-0 8. dxc5 bxc5 9. Nc4 d6 10. Bg5 Qc7 11. Re1 Rd8 12. Bxf6 Bxf6 13. e4 Nc6 14. Ne3 g6 15. Qe2 Bg7 16. h4 Rab8 17. h5 Na5 18. hxg6 hxg6 19. Ng5 Bc6 20. Rab1 Rb6 21. Qg4 Bb5 22. Bh3 Nc4 23. Nxe6 fxe6 24. Qxg6 Ne5 25. Bxe6+ Kf8 26. Qf5+ Ke8 27. Nd5 Qb7 28. Nxb6 axb6 29. Bd5 Qe7 30. Kg2 Qf6 31. Qxf6 Bxf6 32. f4 Nd3 33. Rh1 c4 34. Rh7 Rd7 35. Rxd7 Kxd7 36. Kf3 Ba6 37. g4 b5 38. g5 Bg7 39. Rh1 Ke7 40. f5 Nxb2 41. f6+ Bxf6 42. gxf6+ Kxf6 43. Rh6+ Ke7 44. Re6+ Kd7 45. e5 Bc8 46. Rxd6+ Ke7 47. Ke4 Nd3 48. Rb6 Bd7 49. Kd4 Nf4 50. Rb7 Kd8 51. Kc5 b4 52. Rxb4 Nd3+ 53. Kxc4 Nxb4 54. cxb4 Kc7 55. Kc5 1-0

[Event "BCF-chT3 0506 (4NCL)"]
[Site "Birmingham"]
[Date "2005.11.19"]
[Round "3.5"]
[White "Retallick, Lloyd"]
[Black "Hardman, Michael"]
[Result "1/2-1/2"]
[WhiteElo "2080"]
[BlackElo "2138"]
[PlyCount "64"]
[EventDate "2005.10.22"]
[EventType "team"]
[EventRounds "11"]
[EventCountry "ENG"]
[SourceTitle "EXT 2007"]
[Source "ChessBase"]
[SourceDate "2006.11.23"]
[SourceVersion "1"]
[SourceVersionDate "2006.11.23"]
[SourceQuality "1"]
[WhiteTeam "Poisoned Pawns II"]
[BlackTeam "Mindsports"]
[WhiteTeamCountry "ENG"]
[BlackTeamCountry "ENG"]

1. d4 d5 2. c4 Nc6 3. cxd5 Qxd5 4. Nf3 e5 5. Nc3 Bb4 6. Bd2 Bxc3 7. Bxc3 e4 8. Ne5 Nxe5 9. dxe5 Qxd1+ 10. Rxd1 Be6 11. g3 c6 12. Bg2 Bxa2 13. Bxe4 Be6 14. Bc2 Ne7 15. e4 0-0 16. f4 Rad8 17. Kf2 Nc8 18. f5 Bc4 19. Bb4 Rfe8 20. Ke3 b6 21. Ba4 Bb5 22. Bxb5 cxb5 23. Bd6 f6 24. Bc7 Rxd1 25. Rxd1 fxe5 26. Rd5 Kf7 27. Rxb5 Kf6 28. Rd5 g6 29. g4 Ne7 30. Bxe5+ Kg5 31. Rd7 gxf5 32. Bf4+ Kxg4 1/2-1/2

[Event "BCF-chT3 0506 (4NCL)"]
[Site "Birmingham"]
[Date "2005.10.22"]
[Round "1.4"]
[White "Hardman, Michael"]
[Black "Ruecker, Benjamin"]
[Result "0-1"]
[WhiteElo "2138"]
[BlackElo "2229"]
[PlyCount "70"]
[EventDate "2005.10.22"]
[EventType "team"]
[EventRounds "11"]
[EventCountry "ENG"]
[SourceTitle "EXT 2007"]
[Source "ChessBase"]
[SourceDate "2006.11.23"]
[SourceVersion "1"]
[SourceVersionDate "2006.11.23"]
[SourceQuality "1"]
[WhiteTeam "Mindsports"]
[BlackTeam "Kings Head"]
[WhiteTeamCountry "ENG"]
[BlackTeamCountry "ENG"]

1. d4 g6 2. c4 Bg7 3. Nf3 d6 4. g3 Nf6 5. Bg2 0-0 6. 0-0 Nbd7 7. Nc3 e5 8. e4 exd4 9. Nxd4 a6 10. b3 Re8 11. f3 Rb8 12. Be3 Ne5 13. Rc1 c5 14. Nde2 b5 15. cxb5 axb5 16. Nf4 b4 17. Ncd5 Nxd5 18. Qxd5 Bb7 19. Qd2 Nc6 20. Nd5 Nd4 21. Bg5 f6 22. Be3 Bxd5 23. Bxd4 Be6 24. Be3 Rb6 25. f4 Qe7 26. Rfe1 Ra6 27. Bf1 Ra5 28. Qf2 Bf7 29. Bd3 Qb7 30. Qg2 f5 31. e5 Qxg2+ 32. Kxg2 Rxa2+ 33. Kg1 Bxb3 34. exd6 Rxe3 35. d7 Rxd3 0-1

[Event "BCF-chT4b 0405 (4NCL)"]
[Site "Telford"]
[Date "2005.05.29"]
[Round "10.2"]
[White "Lindner, Daniel"]
[Black "Hardman, Michael"]
[Result "0-1"]
[WhiteElo "2247"]
[BlackElo "2100"]
[PlyCount "50"]
[EventDate "2004.11.06"]
[EventType "team"]
[EventRounds "11"]
[EventCountry "ENG"]
[SourceTitle "EXT 2006"]
[Source "ChessBase"]
[SourceDate "2005.11.24"]
[SourceVersion "1"]
[SourceVersionDate "2005.11.24"]
[SourceQuality "1"]
[WhiteTeam "Hilsmark Kingfisher II"]
[BlackTeam "Mindsports II"]
[WhiteTeamCountry "ENG"]
[BlackTeamCountry "ENG"]

1. e4 e5 2. Nf3 d6 3. d4 f5 4. Nc3 Nc6 5. dxe5 dxe5 6. Qxd8+ Kxd8 7. exf5 Bxf5 8. Bg5+ Nf6 9. 0-0-0+ Bd6 10. Bb5 Kc8 11. h3 a6 12. Bxc6 bxc6 13. Rhe1 Re8 14. a3 Kb7 15. Nd2 Nd5 16. Nde4 Nxc3 17. Nxc3 h6 18. Bh4 e4 19. Rd4 g5 20. Bg3 e3 21. Bxd6 exf2 22. Rb4+ Kc8 23. Rxe8+ Kd7 24. Rxa8 f1Q+ 25. Nd1 Qe2 0-1

[Event "BCF-chT4b 0405 (4NCL)"]
[Site "Telford"]
[Date "2005.02.27"]
[Round "6.1"]
[White "Mulligan, Stephen"]
[Black "Hardman, Michael"]
[Result "1/2-1/2"]
[WhiteElo "2157"]
[BlackElo "2100"]
[PlyCount "52"]
[EventDate "2004.11.06"]
[EventType "team"]
[EventRounds "11"]
[EventCountry "ENG"]
[SourceTitle "EXT 2006"]
[Source "ChessBase"]
[SourceDate "2005.11.24"]
[SourceVersion "1"]
[SourceVersionDate "2005.11.24"]
[SourceQuality "1"]
[WhiteTeam "Slough III"]
[BlackTeam "Mindsports II"]
[WhiteTeamCountry "ENG"]
[BlackTeamCountry "ENG"]

1. d4 d5 2. c4 Nc6 3. Nc3 e6 4. Nf3 Nf6 5. Bg5 Be7 6. e3 0-0 7. Be2 dxc4 8. Bxc4 Na5 9. Bd3 b6 10. 0-0 Bb7 11. Rc1 a6 12. Qe2 Nd5 13. Bxe7 Qxe7 14. Nxd5 Bxd5 15. b4 Qxb4 16. e4 Bb7 17. Rxc7 Rfc8 18. Rfc1 Rxc7 19. Rxc7 Rc8 20. Qc2 Qf8 21. d5 exd5 22. exd5 Rxc7 23. Qxc7 Bxd5 24. Qxb6 Nc6 25. Qxa6 Nb4 26. Qb5 Bxa2 1/2-1/2

[Event "BCF-chT4b 0405 (4NCL)"]
[Site "Telford"]
[Date "2005.02.26"]
[Round "5.1"]
[White "Hardman, Michael"]
[Black "Edge, John"]
[Result "1/2-1/2"]
[WhiteElo "2100"]
[BlackElo "2125"]
[PlyCount "37"]
[EventDate "2004.11.06"]
[EventType "team"]
[EventRounds "11"]
[EventCountry "ENG"]
[SourceTitle "EXT 2006"]
[Source "ChessBase"]
[SourceDate "2005.11.24"]
[SourceVersion "1"]
[SourceVersionDate "2005.11.24"]
[SourceQuality "1"]
[WhiteTeam "Mindsports II"]
[BlackTeam "Halesowen"]
[WhiteTeamCountry "ENG"]
[BlackTeamCountry "ENG"]

1. e4 c5 2. Nf3 d6 3. d4 cxd4 4. Nxd4 Nf6 5. Nc3 g6 6. Be3 Bg7 7. f3 Nc6 8. Qd2 0-0 9. Bc4 Bd7 10. 0-0-0 Rc8 11. Bb3 Ne5 12. h4 h5 13. Rdg1 Qa5 14. Kb1 e6 15. g4 Rxc3 16. bxc3 Nxf3 17. Nxf3 Nxe4 18. Qe1 Nxc3+ 19. Kc1 1/2-1/2

[Event "BCF-chT4 0304 (4NCL)"]
[Site "West Bromwich "]
[Date "2004.06.19"]
[Round "10.1"]
[White "Hardman, Michael"]
[Black "Mordue, A Tyson"]
[Result "0-1"]
[WhiteElo "2107"]
[BlackElo "2284"]
[PlyCount "114"]
[EventDate "2003.10.??"]
[EventType "team"]
[EventRounds "11"]
[EventCountry "ENG"]
[SourceTitle "EXT 2005"]
[Source "ChessBase"]
[SourceDate "2004.11.15"]
[SourceVersion "1"]
[SourceVersionDate "2004.11.15"]
[SourceQuality "1"]
[WhiteTeam "Mindsports II"]
[BlackTeam "Braille Chess Association"]
[WhiteTeamCountry "ENG"]
[BlackTeamCountry "ENG"]

1. e4 c5 2. Nf3 d6 3. d4 cxd4 4. Nxd4 Nf6 5. Nc3 a6 6. Bc4 e6 7. Bb3 b5 8. f4 Be7 9. 0-0 Bb7 10. f5 e5 11. Nde2 Nbd7 12. Ng3 h5 13. Nd5 Nxd5 14. Bxd5 Qb6+ 15. Kh1 Nf6 16. Be3 Qxe3 17. Bxb7 Ra7 18. Bc6+ Kf8 19. Rf3 Qb6 20. Qg1 Qxg1+ 21. Kxg1 Bd8 22. c3 Bb6+ 23. Kf1 h4 24. Nh1 Rc7 25. Bd5 Nxd5 26. exd5 Ke7 27. Nf2 Bxf2 28. Kxf2 Rc5 29. Rd1 Kf6 30. Ke3 Rh5 31. Rdf1 Rxd5 32. b4 e4 33. Kxe4 Re5+ 34. Kd4 Rhxf5 35. c4 Rxf3 36. Rxf3+ Ke6 37. Ra3 Re2 38. Rxa6 bxc4 39. b5 Rxg2 40. h3 g5 41. b6 Kd7 42. Kxc4 Kc6 43. b7+ Kxb7 44. Rxd6 Rg3 45. Rd7+ Kc6 46. Rxf7 Rxh3 47. Rf6+ Kd7 48. Kd5 Ke7 49. Rg6 Ra3 50. Ke5 Ra5+ 51. Ke4 Kf7 52. Rb6 Kg7 53. Kf3 Rxa2 54. Kg4 Rg2+ 55. Kh3 Rg3+ 56. Kh2 Rf3 57. Kg2 Rf6 0-1

[Event "BCF-chT3 0102 (4NCL)"]
[Site "Birmingham"]
[Date "2002.05.04"]
[Round "9.6"]
[White "Hardman, Michael"]
[Black "Kendall, Paul SN"]
[Result "0-1"]
[WhiteElo "1960"]
[BlackElo "1968"]
[PlyCount "190"]
[EventDate "2001.09.??"]
[EventType "team"]
[EventRounds "11"]
[EventCountry "ENG"]
[SourceTitle "EXT 2003"]
[Source "ChessBase"]
[SourceDate "2002.11.25"]
[SourceVersion "1"]
[SourceVersionDate "2002.11.25"]
[SourceQuality "1"]
[WhiteTeam "All Four Corners"]
[BlackTeam "Milton Keynes"]
[WhiteTeamCountry "ENG"]
[BlackTeamCountry "ENG"]

1. e4 e5 2. Bc4 Nf6 3. d3 Nc6 4. h3 Na5 5. Bb3 Nxb3 6. axb3 d5 7. exd5 Qxd5 8. Nf3 Bf5 9. Nc3 Qc6 10. 0-0 Bd6 11. Nxe5 Bxe5 12. Re1 Nd7 13. d4 0-0-0 14. dxe5 Nxe5 15. Qe2 Bxh3 16. Qe4 Rhe8 17. Qxc6 bxc6 18. Be3 Bf5 19. Na4 Bxc2 20. Nc5 Nd3 21. Rxa7 Nxc5 22. Ra8+ Kd7 23. Rxd8+ Kxd8 24. Rc1 Bxb3 25. Rxc5 Kd7 26. Rc3 Bd5 27. f3 h5 28. Kf2 Rb8 29. Rc2 Rb3 30. Bc5 g5 31. Bd4 f5 32. Bc3 Rb8 33. Rc1 Ke6 34. Re1+ Kf7 35. Re5 Be6 36. g4 hxg4 37. fxg4 Rb5 38. gxf5 Bxf5 39. Kg3 Rd5 40. Kf2 g4 41. Re3 Kg6 42. Re8 Kg5 43. Be5 Rd3 44. Rg8+ Bg6 45. Rb8 Rf3+ 46. Kg1 Rf7 47. Bg3 Be4 48. Re8 Bf3 49. Re5+ Kf6 50. Re8 Rd7 51. Rd8 Rh7 52. Rd2 Kf5 53. Rd4 Rh1+ 54. Kf2 Rh7 55. Rf4+ Kg5 56. Rd4 Re7 57. Rd2 Bd5 58. Rd3 Rf7+ 59. Kg1 Kf5 60. Re3 Be4 61. Re2 Rd7 62. Rf2+ Bf3 63. Rc2 Rd1+ 64. Kf2 Be4 65. Re2 Bd3 66. Re5+ Kf6 67. Re1 Rd2+ 68. Kg1 Kf5 69. Re5+ Kf6 70. Re1 Be2 71. b4 Bf3 72. Bxc7 Rg2+ 73. Kf1 Kf5 74. Re5+ Kf6 75. Re3 Kg5 76. Re8 Rb2 77. Bd6 Bg2+ 78. Kg1 Bd5 79. Re3 Bf3 80. Re8 Rd2 81. Bc5 Rg2+ 82. Kf1 Kf5 83. Bd6 Rb2 84. Re5+ Kf6 85. Re8 Kf7 86. Re3 Kg6 87. Re8 Bd5 88. Rf8 Rd2 89. Bc5 g3 90. Kg1 Rg2+ 91. Kf1 Rh2 92. Bg1 Rb2 93. Bc5 g2+ 94. Ke1 Rb1+ 95. Kd2 Rxb4 0-1

[Event "BCF-chT3 0102 (4NCL)"]
[Site "Birmingham"]
[Date "2001.09.23"]
[Round "2.2"]
[White "Hardman, Michael"]
[Black "Jones, Richard S"]
[Result "1-0"]
[WhiteElo "1960"]
[BlackElo "2154"]
[PlyCount "99"]
[EventDate "2001.09.??"]
[EventType "team"]
[EventRounds "11"]
[EventCountry "ENG"]
[SourceTitle "EXT 2003"]
[Source "ChessBase"]
[SourceDate "2002.11.25"]
[SourceVersion "1"]
[SourceVersionDate "2002.11.25"]
[SourceQuality "1"]
[WhiteTeam "All Four Corners"]
[BlackTeam "SW Dragons II"]
[WhiteTeamCountry "ENG"]
[BlackTeamCountry "ENG"]

1. e4 e5 2. Bc4 Nf6 3. d3 Bc5 4. h3 d6 5. Nf3 Nc6 6. Nc3 Na5 7. Bb3 Nxb3 8. axb3 a6 9. Qe2 h6 10. Be3 Bxe3 11. Qxe3 0-0 12. Ne2 Re8 13. g4 Qe7 14. Ng3 d5 15. 0-0 Bd7 16. Nf5 Qf8 17. Nh2 Bc6 18. f3 Kh7 19. Qf2 Nd7 20. Rfe1 Nc5 21. g5 hxg5 22. h4 gxh4 23. Qxh4+ Kg8 24. Ng4 Re6 25. Re2 Qd8 26. Qh3 f6 27. Rh2 Qf8 28. Qh7+ Kf7 29. Qh5+ g6 30. Qh7+ Ke8 31. Ng7+ Kd8 32. Nxe6+ Nxe6 33. Qxg6 Ng5 34. Kg2 Ke7 35. Rah1 Be8 36. Qf5 dxe4 37. fxe4 Ne6 38. Rh7+ Kd6 39. Qxf6 Qxf6 40. Nxf6 Bg6 41. Rh8 Ra7 42. Rg8 Bf7 43. Rgh8 Nd4 44. c3 Nxb3 45. Kf2 a5 46. R1h6 Be6 47. Nd5 Nc5 48. Ke3 c6 49. Nb6 a4 50. Nc8+ 1-0

[Event "BCF-chT3 0102 (4NCL)"]
[Site "Birmingham"]
[Date "2001.09.22"]
[Round "1.3"]
[White "Hardman, Michael"]
[Black "Coleman, James"]
[Result "1/2-1/2"]
[WhiteElo "1960"]
[BlackElo "2127"]
[PlyCount "116"]
[EventDate "2001.09.??"]
[EventType "team"]
[EventRounds "11"]
[EventCountry "ENG"]
[SourceTitle "EXT 2003"]
[Source "ChessBase"]
[SourceDate "2002.11.25"]
[SourceVersion "1"]
[SourceVersionDate "2002.11.25"]
[SourceQuality "1"]
[WhiteTeam "All Four Corners"]
[BlackTeam "Mindsports"]
[WhiteTeamCountry "ENG"]
[BlackTeamCountry "ENG"]

1. d4 Nf6 2. Nf3 g6 3. c4 Bg7 4. g3 d5 5. cxd5 Nxd5 6. Bg2 Nc6 7. 0-0 Nb6 8. e3 0-0 9. Nc3 e5 10. d5 Ne7 11. e4 Bg4 12. Qb3 Bxf3 13. Bxf3 Nec8 14. Be3 Nd6 15. Bc5 Re8 16. Bxd6 Qxd6 17. Nb5 Qe7 18. Rac1 Rec8 19. Bg4 Nd7 20. Nxc7 Nc5 21. Rxc5 Rxc7 22. Rxc7 Qxc7 23. Qc3 Qxc3 24. bxc3 Bf8 25. Rb1 b6 26. Kf1 Bc5 27. Ke2 Kf8 28. f4 Re8 29. f5 Ke7 30. Kd3 g5 31. Rh1 h6 32. Bd1 Rg8 33. g4 Bf2 34. Ke2 Bc5 35. Kf3 Kf6 36. h4 Kg7 37. hxg5 hxg5 38. Ke2 f6 39. Kd3 Rc8 40. Ba4 Rh8 41. Rxh8 Kxh8 42. Kc4 Kg7 43. Kb5 Kf8 44. Kc6 Ke7 45. Bb5 Ba3 46. Ba6 Bc5 47. a4 Ba3 48. a5 Bc5 49. Bb5 Ba3 50. c4 Bb4 51. axb6 axb6 52. d6+ Bxd6 53. Kxb6 Kd8 54. c5 Bc7+ 55. Kc6 Bb8 56. Kd5 Ke7 57. Ba4 Bc7 58. Kc6 Kd8 1/2-1/2